Θεωρία και πράξη της διδακτικής της δραματικής τέχνης στην πρωτοβάθμια εκπαίδευση

Saved in:
Bibliographic Details
Main Author: Τσιάρας, Αστέριος
Format: Book
Language:Greek
Published: Αθήνα : Παπαζήσης, 2020.
Series:Θεατρικοί τόποι (Εκδόσεις Παπαζήση)
Subjects:
Tags: Add Tag
No Tags, Be the first to tag this record!

MARC

LEADER 00000nam a2200000 a 4500
001 1/125784
008 230109s2020####gr | ||| |||| ||gre||
020 |a 9789600235661 
040 |a GR-MyUa  |b gre  |c GR-MyUa  |e AACR2 
041 0 |a gre 
082 7 |a 372.66   |2 (23) 
100 1 |a Τσιάρας, Αστέριος. 
245 1 0 |a Θεωρία και πράξη της διδακτικής της δραματικής τέχνης στην πρωτοβάθμια εκπαίδευση /   |c Αστέριος Τσιάρας. 
260 |a Αθήνα :   |b Παπαζήσης,   |c 2020. 
300 |a 357 σ. ;   |c 21 εκ.  
490 1 |a (Θεατρικοί τόποι / Εκδόσεις Παπαζήση) 
504 |a Περιλαμβάνει βιβλιογραφικές παραπομπές και ευρετήριο. 
504 |a Βιβλιογραφία : σ. [343]-348.  
650 0 |a Drama in education. 
650 0 |a Theater  |x Study and teaching (Primary) 
650 0 |a Drama  |x Study and teaching (Primary) 
830 0 |a Θεατρικοί τόποι (Εκδόσεις Παπαζήση) 
852 |a INST  |b RHODES  |c EUDOXUS  |e 20230109  |h 372.66 ΤΣΙ  |p 005400043242  |q 005400043242  |t EDX  |y 0 
920 |a Εύδοξος  |b Παραγγελία  |y Ρόδος-ΠΤΔΕ  |z 2022-12 
970 |z 09-01-2023